[Event "Wuerzburg op Seniors 15th"]
[Site "Wuerzburg"]
[Date "2005.08.29"]
[Round "1"]
[White "Steinhauser, Thomas"]
[Black "Heuberger, Josef"]
[Result "1-0"]
[WhiteElo "2007"]
[BlackElo "1366"]
[PlyCount "45"]
[EventDate "2005.08.27"]
[EventType "swiss"]
[EventRounds "9"]
[EventCountry "GER"]
[SourceTitle "EXT 2007"]
[Source "ChessBase"]
[SourceDate "2006.11.23"]
[SourceVersion "1"]
[SourceVersionDate "2006.11.23"]
[SourceQuality "1"]

1. e4 d6 2. d4 Nf6 3. Nc3 g6 4. Be3 Bg7 5. f3 0-0 6. Qd2 e5 7. Nge2 Nbd7 8. 0-0-0 Re8 9. Bh6 Bh8 10. h4 exd4 11. Nxd4 Ne5 12. Bg5 h5 13. Be2 c5 14. Ndb5 Qa5 15. Qxd6 Nfd7 16. Nc7 Nc6 17. Nxe8 Bxc3 18. bxc3 Qxc3 19. Nf6+ Nxf6 20. Bxf6 Qe3+ 21. Qd2 Qa3+ 22. Bb2 Qxa2 23. Qd8+ 1-0

[Event "Unterfranken-ch M1 56th"]
[Site "Stetten"]
[Date "2005.04.02"]
[Round "9"]
[White "Steinhauser, Thomas"]
[Black "Mueller, Siegmund"]
[Result "1/2-1/2"]
[WhiteElo "1950"]
[BlackElo "2006"]
[PlyCount "37"]
[EventDate "2005.03.28"]
[EventType "swiss"]
[EventRounds "9"]
[EventCountry "GER"]
[SourceTitle "EXT 2015"]
[Source "ChessBase"]
[SourceDate "2014.11.20"]
[SourceVersion "1"]
[SourceVersionDate "2014.11.20"]
[SourceQuality "1"]

1. e4 e5 2. d4 exd4 3. Nf3 Nc6 4. Bc4 d6 5. Nxd4 Bd7 6. Nc3 Nf6 7. 0-0 Be7 8. Bg5 0-0 9. Re1 a6 10. a4 h6 11. Bh4 Ne5 12. Bb3 Ng6 13. Bg3 Kh7 14. Qd2 Qc8 15. h3 Ne5 16. Rad1 Nc6 17. Qd3 Ne5 18. Qe2 Nc6 19. Qd3 1/2-1/2